Name the top 10 Cities in a random country - Statistics

General Stats
  • This quiz has been taken 48 times
  • The average score is 4 of 10
Answer Stats
Hint Answer Population % Correct
Bosnia and Herzegovina Banja Luka 221,106
100%
Bulgaria Burgas 200,271
100%
Australia Canberra 488,541
100%
Denmark Copenhagen 1,409,680
100%
Bulgaria Dobrich 91,030
100%
Albania Durres 122,034
100%
Albania Elbasan 100,903
100%
Albania Fier 56,297
100%
Austria Graz 273,838
100%
Cuba Havana 2,160,390
100%
Austria Innsbruck 126,851
100%
Albania Korce 58,259
100%
Austria Linz 198,181
100%
Bahamas Nassau 238,132
100%
Bulgaria Pleven 106,954
100%
Bulgaria Plovdiv 346,883
100%
Bulgaria Ruse 149,642
100%
Austria Salzburg 148,420
100%
Bosnia and Herzegovina Sarajevo 350,162
100%
Albania Shkoder 88,245
100%
Bulgaria Shumen 80,855
100%
Bulgaria Sliven 91,620
100%
Bulgaria Sofia 1,284,870
100%
Bulgaria Stara Zagora 138,272
100%
Australia Sydney 5,312,640
100%
Albania Tirana 542,740
100%
Bulgaria Varna 334,055
100%
Austria Vienna 2,020,320
100%
Albania Vlore 89,546
100%
Australia Brisbane 2,599,740
50%
Bahamas Freeport 47,085
50%
Australia Gold Coast 762,290
50%
Australia Melbourne 5,464,920
50%
Australia Perth 2,195,090
50%
Denmark Aalborg 113,417
0%
Bahrain Aali 47,529
0%
Belgium Aalst 87,332
0%
Chad Abeche 74,188
0%
Cote d'Ivoire Abidjan 6,256,340
0%
Cote d'Ivoire Abobo 900,000
0%
Benin Abomey 82,154
0%
Benin Abomey-Calavi 1,434,110
0%
Armenia Abovyan 35,673
0%
Australia Adelaide 1,407,600
0%
Costa Rica Alajuela 444,371
0%
Algeria Algiers 3,056,970
0%
Antigua and Barbuda All Saints 3,900
0%
Bahrain Al Muharraq 91,307
0%
Djibouti Al Sabieh 55,000
0%
Chad Am Timan 28,885
0%
Andorra Andorra La Vella 20,430
0%
Bahamas Andros Town 2,318
0%
Algeria Annaba 385,315
0%
Chile Antofagasta 470,648
0%
Belgium Antwerp 1,068,660
0%
Cyprus Aradippou 13,349
0%
Armenia Ararat 28,832
0%
Denmark Arhus 237,551
0%
Andorra Arinsal 1,419
0%
Armenia Armavir 25,963
0%
Bahrain Ar Rifa' 79,550
0%
Cuba Arroyo Naranjo 210,053
0%
Djibouti Arta 6,025
0%
Cabo Verde Assomada 12,332
0%
Belarus Babruysk 220,517
0%
Cameroon Bafoussam 511,910
0%
Afghanistan Baghlan 108,449
0%
Azerbaijan Bakixanov 66,686
0%
Azerbaijan Baku 2,529,070
0%
Afghanistan Balkh 114,883
0%
Central African Republic Bambari 32,547
0%
Cameroon Bamenda 657,875
0%
Brunei Bandar Seri Begawan 266,682
0%
Burkina Faso Banfora 60,288
0%
Central African Republic Bangui 1,048,770
0%
Belarus Baranovichi 168,772
0%
Bangladesh Barisal 581,269
0%
Colombia Barranquilla 2,418,670
0%
Belarus Barysaw 143,919
0%
Barbados Bathsheba 1,765
0%
Algeria Batna 364,859
0%
Cambodia Battambang 150,444
0%
Cuba Bayamo 192,632
0%
China Beijing 22,983,400
0%
Belize Belize City 57,169
0%
Dominican Republic Bella Vista 175,683
0%
Belize Belmopan 13,939
0%
Brazil Belo Horizonte 6,401,500
0%
Angola Benguela 913,769
0%
Belize Benque Viejo 6,140
0%
Central African Republic Berberati 61,815
0%
Dominica Berricoa 2,134
0%
Bosnia and Herzegovina Bihac 75,641
0%
Bosnia and Herzegovina Bijeljina 37,692
0%
Central African Republic Bimbo 129,655
0%
Algeria Biskra 307,987
0%
Barbados Blackmans 623
0%
Algeria Blida 546,792
0%
Burkina Faso Bobo-Dioulasso 1,304,020
0%
Colombia Bogota 11,922,100
0%
Bangladesh Bogra 1,014,990
0%
Benin Bohicon 125,092
0%
Antigua and Barbuda Bolans 1,888
0%
Chad Bongor 27,770
0%
Cote d'Ivoire Bouake 654,242
0%
Algeria Boumerdas 786,499
0%
Central African Republic Bozoum 40,201
0%
Canada Brampton 833,365
0%
Brazil Brasilia 5,040,720
0%
Republic of the Congo Brazzaville 2,904,570
0%
Bosnia and Herzegovina Brcko 38,968
0%
Belarus Brest 371,715
0%
Central African Republic Bria 29,027
0%
Barbados Bridgetown 98,511
0%
Czech Republic Brno 381,161
0%
Belgium Bruges 116,709
0%
Belgium Brussels 2,150,320
0%
Colombia Bucaramanga 1,424,660
0%
Bahrain Budaiya / Diraz 30,702
0%
Argentina Buenos Aires 15,890,600
0%
Bosnia and Herzegovina Bugojno 41,378
0%
Burundi Bujumbura 1,426,040
0%
Democratic Republic of the Congo Bukavu 1,431,660
0%
Brunei Bukit Beruang 9,853
0%
Democratic Republic of the Congo Bunia 944,205
0%
Burundi Bururi 19,740
0%
Angola Cabinda 1,033,860
0%
Canada Calgary 1,634,686
0%
Colombia Cali 2,942,690
0%
Cuba Camaguey 314,411
0%
Brazil Campinas 3,522,400
0%
Dominica Canefield 3,324
0%
Andorra Canillo 3,292
0%
Central African Republic Carnot 38,071
0%
Colombia Cartagena 1,114,720
0%
Czech Republic Ceske Budejovice 96,617
0%
Belgium Charleroi 420,510
0%
China Chengdu 10,163,400
0%
Bangladesh Chittagong 5,797,810
0%
China Chongqing 18,531,600
0%
Angola Cito 736,784
0%
Bahamas Clarence Town 1,705
0%
Bolivia Cochabamba 1,489,160
0%
Bangladesh Comilla 710,642
0%
Chile Concepcion 937,267
0%
Algeria Constantine 450,097
0%
Bahamas Coopers Town 9,069
0%
Argentina Cordoba 1,655,500
0%
Belize Corozal 10,287
0%
Benin Cotonou 780,456
0%
Barbados Crab Hill 727
0%
Colombia Cucuta 990,634
0%
Brazil Curitiba 3,923,290
0%
Costa Rica Curridabat 34,586
0%
Cote d'Ivoire Daloa 215,652
0%
Belize Dangriga 9,593
0%
Burkina Faso Dedougou 45,341
0%
Bangladesh Dhaka 25,359,100
0%
Cuba Diez de Octubre 227,293
0%
Djibouti Dikhil 12,043
0%
Cote d'Ivoire Divo 127,867
0%
Djibouti Djibouti 623,891
0%
Benin Djougou 425,142
0%
Republic of the Congo Dolisie 103,894
0%
Comoros Domoni 14,509
0%
Austria Donaustadt 187,007
0%
Burkina Faso Dori 37,806
0%
Djibouti Dorra 1,873
0%
Cameroon Douala 4,493,090
0%
Bahamas Dunmore Town 1,578
0%
Canada Edmonton 1,243,809
0%
Andorra El Tarter 1,052
0%
Andorra Encamp 11,223
0%
Denmark Esbjerg 72,261
0%
Cabo Verde Espargos 17,081
0%
Cyprus Famagusta 42,526
0%
Austria Favoriten 201,882
0%
Albania Fier-Cifci 60,995
0%
Austria Floridsdorf 162,779
0%
Comoros Fomboni 14,966
0%
Brazil Fortaleza 4,320,440
0%
Botswana Francistown 89,979
0%
Denmark Frederiksberg 95,029
0%
Bahamas Freetown 4,222
0%
Botswana Gaborone 273,602
0%
Cote d'Ivoire Gagnoa 123,184
0%
Djibouti Galafi 1,849
0%
Republic of the Congo Gamboma 20,877
0%
Azerbaijan Ganja 313,300
0%
Cameroon Garoua 402,371
0%
Bhutan Gelaphu 9,858
0%
Afghanistan Ghazni 141,000
0%
Belgium Ghent 480,931
0%
Burundi Gitega 23,167
0%
Democratic Republic of the Congo Goma 858,217
0%
Belarus Gomel 577,688
0%
Djibouti Goubetto 2,003
0%
Barbados Greenland 623
0%
China Guangzhou 15,147,900
0%
Cuba Guantanamo 272,801
0%
Armenia Gyumri 148,381
0%
Bahrain Hamad Town 52,718
0%
Afghanistan Herat 781,380
0%
Costa Rica Heredia 363,759
0%
Bahamas High Rock 3,827
0%
Barbados Hillaby 519
0%
Barbados Holetown 1,350
0%
Cuba Holguin 319,102
0%
Djibouti Holhol 3,519
0%
Denmark Horsens 58,480
0%
Czech Republic Hradec Kralove 92,697
0%
Armenia Hrazdan 40,795
0%
Belarus Hrodna 317,365
0%
Angola Huambo 805,507
0%
Colombia Ibague 615,104
0%
Republic of the Congo Impfondo 20,859
0%
Chile Iquique 227,499
0%
Bahrain Isa Town 36,833
0%
Bhutan Jakar 6,243
0%
Afghanistan Jalalabad 200,331
0%
Bahrain Jidd hafs 13,658
0%
Afghanistan Kabul 5,034,110
0%
Central African Republic Kaga Bandoro 56,520
0%
Cambodia Kampong Cham 61,750
0%
Cambodia Kampong Chhnang 75,244
0%
Democratic Republic of the Congo Kananga 1,895,450
0%
Afghanistan Kandahar 595,853
0%
Benin Kandi 109,701
0%
Botswana Kanye 44,716
0%
Armenia Kapan 33,160
0%
Croatia Karlovac 46,833
0%
Burkina Faso Kaya 39,229
0%
Burundi Kayanza 19,443
0%
Republic of the Congo Kayes 58,737
0%
Chad Kelo 42,533
0%
Afghanistan Khost 103,601
0%
Bangladesh Khulna 998,460
0%
Democratic Republic of the Congo Kinshasa 18,552,800
0%
Democratic Republic of the Congo Kisangani 1,612,770
0%
Denmark Kolding 60,300
0%
Comoros Koni-Djodjo 8,109
0%
Cote d'Ivoire Korhogo 167,359
0%
Burkina Faso Koudougou 87,347
0%
Chad Koumra 36,263
0%
Cameroon Kousseri 435,547
0%
Brunei Kuala Belait 27,819
0%
Afghanistan Kunduz 161,902
0%
Cyprus Kyrenia 26,701
0%
Belize Ladyville 5,458
0%
Andorra La Massana 7,211
0%
Azerbaijan Lankaran 240,300
0%
Bolivia La Paz 2,030,730
0%
Argentina La Plata 942,456
0%
Cyprus Larnaca 72,000
0%
Dominican Republic La Romana 208,437
0%
Cuba Las Tunas 203,684
0%
Andorra Les Escaldes 15,853
0%
Belgium Leuven 102,275
0%
Czech Republic Liberec 105,997
0%
Costa Rica Liberia 45,380
0%
Antigua and Barbuda Liberta 2,560
0%
Belgium Liege 690,769
0%
Cyprus Limassol 154,000
0%
Costa Rica Limon 63,081
0%
Republic of the Congo Loandjili 23,204
0%
Angola Lobito 524,828
0%
Australia Logan City 282,673
0%
Benin Lokossa 86,971
0%
Cameroon Loum 646,957
0%
Angola Luanda 10,421,300
0%
Angola Lubango 1,092,900
0%
Democratic Republic of the Congo Lubumbashi 3,193,860
0%
Brunei Lugu 5,795
0%
Republic of the Congo Madingou 22,760
0%
Botswana Mahalapye 44,471
0%
Dominica Mahaut 2,113
0%
Belarus Mahilyow 369,200
0%
Burundi Makamba 19,642
0%
Angola Malanje 900,002
0%
Bahrain Malkiya / Karzakhan 11,637
0%
Cote d'Ivoire Man 139,341
0%
Bahrain Manama 143,035
0%
Argentina Mar del Plata 593,337
0%
Dominica Marigot 2,411
0%
Cameroon Maroua 319,941
0%
Bahamas Marsh Harbor 5,728
0%
Brunei Masin 3,129
0%
Dominica Massacre 1,552
0%
Botswana Maun 49,945
0%
Afghanistan Mazar-e Sharif 708,798
0%
Central African Republic Mbaiki 67,132
0%
Cameroon Mbouda 654,152
0%
Democratic Republic of the Congo Mbuji-Mayi 3,298,080
0%
Colombia Medellin 4,208,280
0%
Argentina Mendoza 1,271,120
0%
Cabo Verde Mindelo 69m904
0%
Azerbaijan Mingelchaur 95,453
0%
Belarus Minsk 2,075,900
0%
Comoros Mirontsi 10,168
0%
Canada Mississauga 788,888
0%
Comoros Mkiriwadjumoi 8,749
0%
Botswana Mochudi 36,962
0%
Botswana Mogoditshane 43,394
0%
Cameroon Mokolo 275,239
0%
Botswana Molepolole 63,248
0%
Chad Mongo 27,763
0%
Belgium Mons 95,887
0%
Bolivia Montero 107,294
0%
Canada Montreal 1,992,510
0%
Cyprus Morfou 14,833
0%
Comoros Moroni 42,872
0%
Bosnia and Herzegovina Mostar 104,518
0%
Chad Moundou 135,167
0%
Comoros Moutsamoudou 23,594
0%
Comoros Moya 7,529
0%
Brunei Mulaut 5,981
0%
Burundi Muramvya 18,041
0%
Burundi Muyinga 71,076
0%
Bangladesh Mymensingh 521,576
0%
Azerbaijan Nakhchivan 64,754
0%
Belgium Namur 111,432
0%
China Nanjing 10,380,200
0%
Angola N'dalatando 383,100
0%
Chad N'Djamena 1,360,000
0%
Australia Newcastle 474,766
0%
Bhutan Nganglam 5,418
0%
Burundi Ngozi 21,506
0%
Cyprus Nicosia 326,980
0%
Djibouti Obock 17,776
0%
Denmark Odense 176,683
0%
Barbados Oistins 2,285
0%
Czech Republic Olomouc 101,552
0%
Algeria Oran 982,784
0%
Belize Orange Walk 13,708
0%
Andorra Ordino 3,066
0%
Bolivia Oruro 359,222
0%
Croatia Osijek 88,140
0%
Czech Republic Ostrava 282,300
0%
Austria Ottakring 104,627
0%
Canada Ottawa 1,196,385
0%
Burkina Faso Ouagadougou 3,689,330
0%
Burkina Faso Ouahigouya 61,096
0%
Comoros Ouani 10,179
0%
Republic of the Congo Ouesso 23,915
0%
Benin Ouidah 83,503
0%
Republic of the Congo Owando 23,952
0%
Chad Pala 35,466
0%
Cambodia Paoy Paet 79,000
0%
Cyprus Paphos 35,961
0%
Costa Rica Paraiso 39,702
0%
Benin Parakou 459,283
0%
Czech Republic Pardubice 90,186
0%
Antigua and Barbuda Parham 1,491
0%
Andorra Pas de la Casa 2,363
0%
Albania Patos 60,000
0%
Cabo Verde Pedra Badejo 9,859
0%
Colombia Pereira 593,765
0%
Cyprus Pergamos 15,000
0%
Cambodia Phnom Penh 2,498,640
0%
Bhutan Phuntsholing 27,658
0%
Antigua and Barbuda Pigotts 1,478
0%
Czech Republic Pilsen 164,180
0%
Belarus Pinsk 130,777
0%
Albania Pogradec 61,530
0%
Dominica Pointe Michel 1,664
0%
Republic of the Congo Pointe-Noire 1,469,190
0%
Brazil Porto Alegre 4,298,730
0%
Benin Porto-Novo 264,320
0%
Cabo Verde Porto Novo 9,310
0%
Dominica Portsmouth 4,167
0%
Bolivia Potosi 174,973
0%
Antigua and Barbuda Potters Village 2,066
0%
Czech Republic Prague 1,335,350
0%
Cabo Verde Praia 130,271
0%
Bosnia and Herzegovina Prijedor 36,347
0%
Cyprus Protaras 20,230
0%
Chile Puente Alto 510,417
0%
Dominican Republic Puerto Plata 146,000
0%
Croatia Pula 59,078
0%
Bhutan Punakha 6,262
0%
Belize Punta Gorda 5,351
0%
Costa Rica Puntarenas 35,650
0%
Cambodia Pursat 52,476
0%
Azerbaijan Qaracuxur 72,989
0%
Bolivia Quillacollo 117,859
0%
Bangladesh Rajshahi 1,031,570
0%
Denmark Randers 62,563
0%
Bangladesh Rangpur 458,368
0%
Brunei Rataie 2,833
0%
Brazil Recife 4,380,780
0%
Burkina Faso Reo 37,535
0%
Argentina Resistencia 460,926
0%
Croatia Rijeka 141,172
0%
Brazil Rio de Janeiro 14,023,100
0%
Argentina Rosario 1,648,320
0%
Dominica Roseau 14,725
0%
Burundi Rutana 20,893
0%
Burundi Ruyigi 38,458
0%
Azerbaijan Saatli 87,000
0%
Bolivia Sacaba 149,570
0%
Dominica Saint Joseph 1,746
0%
Dominica Salisbury 2,147
0%
Cabo Verde Sal Rei 5,778
0%
Argentina Salta 745,986
0%
Brazil Salvador 4,063,170
0%
Bhutan Samdrup Jongkhar 9,325
0%
Bhutan Samtse 5,496
0%
Chile San Bernardo 249,858
0%
Dominican Republic San Cristobal 154,040
0%
Costa Rica San Francisco 55,923
0%
Dominican Republic San Francisco de Macoris 124,763
0%
Belize San Ignacio 17,878
0%
Costa Rica San Isidro 34,877
0%
Costa Rica San Jose 1,522,380
0%
Argentina San Juan 565,946
0%
Argentina San Miguel de Tucuman 1,062,270
0%
Belize San Pedro 11,767
0%
Cote d'Ivoire San-Pedro 196,751
0%
Dominican Republic San Pedro de Macoris 217,899
0%
Cuba Santa Clara 250,512
0%
Bolivia Santa Cruz de la Sierra 1,441,406
0%
Cabo Verde Santa Maria 6,258
0%
Chile Santiago 7,048,620
0%
Cuba Santiago de Cuba 444,274
0%
Dominican Republic Santiago de los Caballeros 1,200,000
0%
Andorra Sant Julia de Loria 8,022
0%
Dominican Republic Santo Domingo 3,706,050
0%
Dominican Republic Santo Domingo Este 700,000
0%
Dominican Republic Santo Domingo Oeste 701,269
0%
Cabo Verde Sao Filipe 8,122
0%
Brazil Sao Paulo 23,168,700
0%
Chad Sarh 102,528
0%
Antigua and Barbuda Seaview Farm 1,685
0%
Brunei Selayun 2,956
0%
Botswana Selebi-Phikwe 53,727
0%
Brunei Seria 16,340
0%
Botswana Serowe 47,419
0%
Croatia Sesvete 52,411
0%
Algeria Setif 351,073
0%
China Shanghai 31,049,800
0%
China Shenzhen 13,770,000
0%
Central African Republic Sibut 34,267
0%
Cambodia Siem Reap 139,458
0%
Comoros Sima 10,374
0%
Austria Simmering 101,420
0%
Cambodia Sinhanoukville 156,691
0%
Azerbaijan Sirvan 70,220
0%
Bahrain Sitra 34,317
0%
Croatia Slavonski Brod 60,742
0%
Barbados Speightstown 3,634
0%
Croatia Split 160,577
0%
Armenia Step'anavan 23,782
0%
Antigua and Barbuda St. John's 22,219
0%
Bolivia Sucre 237,480
0%
Azerbaijan Sumqayit 265,150
0%
Canada Surrey 736,057
0%
China Suzhou 8,802,000
0%
Antigua and Barbuda Swetes 1,837
0%
Bangladesh Sylhet 1,065,150
0%
Djibouti Tadjourah 22,193
0%
Cambodia Takeo 843,931
0%
Cambodia Ta Khmau 52,066
0%
Chile Talcahuano 252,968
0%
Brunei Tanjong Nangka 3,838
0%
Bolivia Tarija 179,528
0%
Cabo Verde Tarrafal 6,656
0%
Algeria Tebessa 634,332
0%
Chile Temuco 362,311
0%
Burkina Faso Tenkodogo 37,658
0%
Barbados The Crane 935
0%
Bhutan Thimphu 114,551
0%
China Tianjin 14,933,500
0%
Canada Toronto 3,370,011
0%
Democratic Republic of the Congo Tshikapa 1,241,230
0%
Bhutan Tshongdue 11,448
0%
Bosnia and Herzegovina Tuzla 142,486
0%
Angola Uige 719,452
0%
Czech Republic Usti nad Labem 88,974
0%
Democratic Republic of the Congo Uvira 796,343
0%
Armenia Vagharshapat 46,540
0%
Colombia Valledupar 599,585
0%
Chile Valparaiso 1,032,140
0%
Armenia Vanadzor 101,098
0%
Canada Vancouver 776,584
0%
Croatia Varazdin 41,808
0%
Denmark Vejle 55,876
0%
Chile Vina del Mar 294,551
0%
Belarus Vitebsk 385,191
0%
Bhutan Wangdue 8,954
0%
Bahamas West End 13,004
0%
Antigua and Barbuda Willikies 1,179
0%
Canada Winnipeg 871,560
0%
Australia Wollongong 321,908
0%
China Wuhan 9,121,840
0%
Cote d'Ivoire Yamoussoukro 212,670
0%
Cameroon Yaounde 5,027,120
0%
Armenia Yerevan 1,102,920
0%
Croatia Zadar 71,258
0%
Croatia Zagreb 684,776
0%
Bosnia and Herzegovina Zenica 164,423
0%
No matching quizzes found
Score Distribution
Percent of People with Each Score
Percentile by Number Answered
Your Score History
You have not taken this quiz